Sports Quiz

Random Sports or NBA Quiz

NBA teams with a K Quiz Stats

 Plays Quiz not verified by Sporcle

Challenge
Share
Tweet
Embed
Score 0/7 Timer 01:00
0 Plays Today
Team % Correct
New York Knicks (or Knickerbockers, even though nobody calls them that)
94.1%
Los Angeles Lakers
82.2%
Sacramento Kings
74.5%
Dallas Mavericks
67%
Houston Rockets
63.2%
Milwaukee Bucks
57.6%
Atlanta Hawks
57%

You're not logged in!

Compare scores with friends on all Sporcle quizzes.
OR
Log In

You Might Also Like...

Show Comments

Extras

Top Quizzes Today


Score Distribution

Your Account Isn't Verified!

In order to create a playlist on Sporcle, you need to verify the email address you used during registration. Go to your Sporcle Settings to finish the process.

Report this User

Report this user for behavior that violates our Community Guidelines.

Details: